| 000 | 00420nam a2200169Ia 4500 | ||
|---|---|---|---|
| 008 | 141014s9999||||xx |||||||||||||| ||und|| | ||
| 010 | _a21344 | ||
| 020 | _a84-313-0371-9 | ||
| 082 | _a320.157.Z18p. | ||
| 100 | _aZafra Valverde, Jose | ||
| 245 | _aPoder y poderes | ||
| 250 | _aS/E | ||
| 260 |
_aUniversidad de Navarra S. A. Pamplona, EspaƱa _c1975 |
||
| 300 |
_a202 p _c21 cm |
||
| 650 | _aPoder | ||
| 942 | _cBK | ||
| 999 |
_c21494 _d21494 |
||